Tiradentes
Furkejuvvon:
| Váldodahkki: | |
|---|---|
| Materiálatiipa: | Girji |
| Giella: | espánnjágiella |
| Almmustuhtton: |
Buenos Aires
Eudeba
1965
|
| Ráidu: | Biblioteca de América. Libros del Tiempo Nuevo, 39
|
| Fáttát: | |
| Fáddágilkorat: |
Lasit fáddágilkoriid
Eai fáddágilkorat, Lasit vuosttaš fáddágilkora!
|
MARC
| LEADER | 00000cam a2200000 a 4500 | ||
|---|---|---|---|
| 001 | UCU1386 | ||
| 003 | CL-VaPUC | ||
| 008 | 960404e19650000AG |||||||||||||||||spa|d | ||
| 082 | 0 | 4 | |a 981.033 |b TEN |2 21 |
| 100 | 0 | |a Tenenbaum, León |e author |9 357031 | |
| 245 | 1 | 0 | |a Tiradentes |
| 300 | |a 126 p | ||
| 942 | |c BK | ||
| 945 | |d 19960404 00:00:00 |a rleighto | ||
| 260 | |a Buenos Aires |b Eudeba |c 1965 | ||
| 600 | 0 | 7 | |a DA SILVA XAVIER, JOAQUIM JOSE |2 CL-VaPUC |9 357032 |
| 650 | 0 | |a Historia |9 255047 | |
| 650 | 7 | |a REVOLUCION |2 CL-VaPUC |9 338298 | |
| 651 | 0 | |a Brasil |9 267393 | |
| 583 | |a last modification |c 20150714 03:19:08 |k Rodrigo Vera | ||
| 490 | 0 | |a Biblioteca de América. Libros del Tiempo Nuevo, 39 | |
| 999 | |c 246031 |d 246029 | ||
| 952 | |0 0 |1 0 |4 0 |6 981_033000000000000_TEN_1965 |7 0 |8 A |9 260743 |a BIBHIS |b BIBHIS |d 2019-11-19 |i 3184595 |o 981.033 TEN 1965 |p 3184595 |r 2025-01-20 |w 2019-11-19 |y BK |k HIS | ||
| 952 | |0 0 |1 0 |4 0 |6 981_033000000000000_TEN_1965 |7 0 |8 A |9 260744 |a BIBHIS |b BIBHIS |d 2019-11-19 |i 1257072 |o 981.033 TEN 1965 |p 1257072 |r 2025-01-20 |w 2019-11-19 |y BK |k HIS | ||
| 952 | |0 0 |1 0 |4 0 |6 981_033000000000000_TEN_1965 |7 0 |8 A |9 260745 |a BIBHIS |b BIBHIS |d 2019-11-19 |i 1257080 |o 981.033 TEN 1965 |p 1257080 |r 2025-01-20 |w 2019-11-19 |y BK |k HIS | ||
| 952 | |0 0 |1 0 |4 0 |6 981_033000000000000_TEN_1965 |7 0 |8 A |9 260746 |a BIBHIS |b BIBHIS |d 2019-11-19 |i 1257099 |o 981.033 TEN 1965 |p 1257099 |r 2025-01-20 |w 2019-11-19 |y BK |k HIS | ||
| 952 | |0 0 |1 0 |4 0 |6 981_033000000000000_TEN_1965 |7 0 |8 A |9 260747 |a BIBHIS |b BIBHIS |d 2019-11-19 |i 1257102 |o 981.033 TEN 1965 |p 1257102 |r 2025-01-20 |w 2019-11-19 |y BK |k HIS | ||
| 952 | |0 0 |1 0 |4 0 |6 981_033000000000000_TEN_1965 |7 0 |8 A |9 260748 |a BIBHIS |b BIBHIS |d 2019-11-19 |i 4855841 |o 981.033 TEN 1965 |p 4855841 |r 2025-01-20 |w 2019-11-19 |y BK |k HIS | ||